| 000 | 00459nam a2200193Ia 4500 | ||
|---|---|---|---|
| 005 | 20250425162656.0 | ||
| 008 | 250425s9999 xx 000 0 und d | ||
| 041 | _aeng | ||
| 082 | _a594 | ||
| 100 | _aMASON, JAMES | ||
| 245 | 0 | _aSCALLOP AND QUEEN FISHERIES IN THE BRITISH | |
| 250 | _aS.E | ||
| 260 |
_aEstados Unidos _bFISHING NEWS BOOKS LTD _c1983 |
||
| 300 | _a144 | ||
| 650 | _aMOLUSCOS | ||
| 650 | _aSCALLOPS | ||
| 942 | _c01 | ||
| 010 | _a95979 | ||
| 999 |
_c234149 _d234149 |
||